|
|
|
|
| LEADER |
00000naa2a2200000 4500 |
| 001 |
173795 |
| 005 |
20231031164522.0 |
| 035 |
|
|
|a (RuTPU)RU\TPU\book\188476
|
| 035 |
|
|
|a RU\TPU\tpu\4689
|
| 090 |
|
|
|a 173795
|
| 100 |
|
|
|a 20091230d1966 k y0rusy50 ca
|
| 101 |
0 |
|
|a rus
|
| 102 |
|
|
|a RU
|
| 200 |
1 |
|
|a Некоторые вопросы обеспечения малого уровня пульсаций выходного напряжения в бесколлекторных генераторах постоянного тока
|f Г. А. Сипайлов, А. Б. Цукублин
|
| 320 |
|
|
|a Библиогр.: с. 241 (3 назв.)
|
| 461 |
|
1 |
|0 (RuTPU)RU\TPU\book\186175
|t труды Третьей Всесоюзной конференции по бесконтактным электрический машинам
|o в 3 т.
|f Физико-энергетический институт
|d 1966-
|
| 463 |
|
0 |
|0 (RuTPU)RU\TPU\book\186154
|t Т. 3: Бесконтактные синхронные микромашины. Бесконтактные асинхронные микромашины. Шаговые двигатели
|v С. 237-241
|d 1966
|p 282 с.
|
| 610 |
1 |
|
|a электрические машины
|
| 610 |
1 |
|
|a труды учёных ТПУ
|
| 610 |
1 |
|
|a электропривод
|
| 700 |
|
1 |
|a Сипайлов
|b Г. А.
|c специалист в области электромеханики
|c профессор Томского политехнического университета
|f 1920-2004
|g Геннадий Антонович
|2 stltpush
|3 (RuTPU)RU\TPU\pers\12400
|
| 701 |
|
1 |
|a Цукублин
|b А. Б.
|c специалист в области электротехники
|c доцент Томского политехнического университета, кандидат технических наук
|f 1939-
|g Анатолий Борисович
|2 stltpush
|3 (RuTPU)RU\TPU\pers\27934
|
| 801 |
|
0 |
|a RU
|b 63413507
|c 20011210
|g PSBO
|
| 801 |
|
2 |
|a RU
|b 63413507
|c 20191115
|g PSBO
|
| 942 |
|
|
|c BK
|